000 00221nam a2200097Ia 4500
008 220204s9999 xx 000 0 und d
082 _a82-36
245 0 _aAsterix in Spain
260 _aLondon
_bHodder Dargaud
942 _cBK
999 _c37920
_d37920